000 00791nam a2200253Ia 4500
003 OSt
005 20220923222651.0
006 a|||||r|||| 00| 0
007 ta
008 220922b |||||||| |||| 00| 0 hin d
024 _a206,960
037 _cTextual
040 _aARTS
_cARTS
_bhin
041 _2hin
_ahin
082 _aO152,6N218x, M4
100 _aअमृतराय
_9156280
245 0 _aविचारधारा और साहित्य
246 _aVichāradhārā aur sāhitya
260 _aइलाहाबाद
_b हंस प्रका0
_c1984
300 _a131पृ.
_ccm.
650 _aहिन्दी साहित्य
_9156264
942 _hO152,6N218x, M4
_cTEXL
_2CC
999 _c357580
_d357580